000 00471 a2200181 4500
005 20260319122036.0
008 260319b |||||||| |||| 00| 0 eng d
020 _a9780367554460
040 _cSDCL
041 _2eng
_aeng
084 _aX:(B) R5
100 _aCroissant, Yves
_91132540
245 _aMicroeconometrics with R
260 _aBoca raton :
_bRoutledge,
_c2025.
300 _axxii, 494p.
490 _aA Chapman and Hall/CRC The R
942 _cTEXL
_2CC
999 _c1715124
_d1715124